000 00373nam a22001337a 4500
020 _a9783319544120
040 _cNust
082 _a629.892
_bCOR
100 _aCorke, Peter
_934979
245 _aRobotics, Vision and Control:
_bFundamentals Algorithms in Matlab
260 _aBerlin:
_bSpringer,
_c2017.
650 _aRobotics, Vision and Control
_9123342
942 _2ddc
_cBK
999 _c609565
_d609565